000 00917cam a2200313 4500
001 ABS66789
008 030714n2003 000 0 eng u
035 _a(Sirsi) u122983
245 _aRegional survey: Hertfordshire
260 _c2003
490 _aProperty Week
_v68(21) 30 May 2003, 87-102(8)
590 _aABS
650 _aHERTFORDSHIRE
650 _aWATFORD
650 _aST ALBANS
650 _aHEMEL HEMPSTEAD
650 _aBOREHAMWOOD
650 _aHATFIELD
650 _aWELWYN GARDEN CITY
650 _aLETCHWORTH
650 _aREGENERATION
650 _aPROPERTY-COMMERCIAL PROPERTY-OFFICE PROPERTY-OFFICE PROPERTY MARKET
650 _aPROPERTY-COMMERCIAL PROPERTY-RETAIL PROPERTY-RETAIL PROPERTY MARKET
650 _aLEISURE MARKET
650 _aINDUSTRIAL RENTS
650 _aOFFICE RENTS
690 _aPROPERTY-COMMERCIAL PROPERTY-COMMERCIAL PROPERTY MARKET
942 _n0
999 _c73029
_d73029